Deliberative and executive wings in local government / (Record no. 125933)

MARC details
000 -LEADER
fixed length control field 00684nam a22002417a 4500
005 - DATE AND TIME OF LATEST TRANSACTION
control field 20170124110002.0
010 ## - LIBRARY OF CONGRESS CONTROL NUMBER
LC control number 812026
020 ## - INTERNATIONAL STANDARD BOOK NUMBER
Terms of availability 00.00
035 ## - SYSTEM CONTROL NUMBER
System control number 812026
037 ## - SOURCE OF ACQUISITION
Source of stock number/acquisition Cen Lib/Ret
040 ## - CATALOGING SOURCE
Original cataloging agency DPL
Language of cataloging EN
082 ## - DEWEY DECIMAL CLASSIFICATION NUMBER
Classification number 352
Item number DEL
245 ## - TITLE STATEMENT
Title Deliberative and executive wings in local government /
Statement of responsibility, etc edited by R.B. Das [and] D.P. Singh
260 ## - PUBLICATION, DISTRIBUTION, ETC. (IMPRINT)
Name of publisher, distributor, etc Oxford and IBH publishing
Place of publication, distribution, etc New Delhi
Date of publication, distribution, etc 1968
270 ## - ADDRESS
City New Delhi
300 ## - PHYSICAL DESCRIPTION
Extent xiii,168p.
Dimensions 21cm(Hb)
500 ## - GENERAL NOTE
General note Includes index
650 ## - SUBJECT ADDED ENTRY--TOPICAL TERM
Topical term or geographic name as entry element Law
9 (RLIN) 104
650 ## - SUBJECT ADDED ENTRY--TOPICAL TERM
Topical term or geographic name as entry element Local government
9 (RLIN) 88926
700 ## - ADDED ENTRY--PERSONAL NAME
Personal name Das, R.B.
9 (RLIN) 16023
700 ## - ADDED ENTRY--PERSONAL NAME
Personal name D.P. Singh
9 (RLIN) 16024
942 ## - ADDED ENTRY ELEMENTS (KOHA)
Source of classification or shelving scheme Dewey Decimal Classification
Koha item type English Books
Classification part 352
Call number suffix DEL
Holdings
Withdrawn status Lost status Damaged status Not for loan Home library Current library Date acquired Source of acquisition Cost, normal purchase price Total Checkouts Full call number Barcode Date last seen Copy number Cost, replacement price Price effective from Koha item type Public note
Written off       Central Library Central Library 24/06/2015 Cen Lib/Ret 0.00   352 DEL 812026 24/06/2015 1 0.00 24/06/2015 English Books W/d List No. 6892/13 ; dtd 26/09/2020

© Delhi Public Library
Hit Counter
free hit counter